| 000 | 01114nam a22002777a 4500 | ||
|---|---|---|---|
| 005 | 20110725135914.0 | ||
| 008 | 110725t xxu||||| |||| 00| 0 eng d | ||
| 010 | _aENG-103119 | ||
| 020 |
_a9788120343320 _c595.00 |
||
| 035 | _aEN-86652 | ||
| 037 | _bDBAD / PUB | ||
| 040 |
_adpl _bEnglish |
||
| 082 | _a006.7882 | ||
| 100 |
_929868 _aStoecker, Matthew A. |
||
| 245 |
_aMCTS self-paced training kit (Exam 70-511) : _cby Matthew A. Stoecker _bWindows applications development with Microsoft . NET framework 4 / |
||
| 260 |
_aNew Delhi _bPHI Learning _c2011 |
||
| 270 |
_aM-97, Connaught Circus _bNew Delhi _e110001 |
||
| 300 |
_axix,633p. : _c24cm (pbk) _bill. |
||
| 500 | _aIncludes index | ||
| 650 |
_929869 _aApplication software _x Development _xExaminations _vStudy guides. |
||
| 650 |
_aMicrosoft .NET Framework _xExaminations _930020 _vStudy guides. |
||
| 651 | _91549 | ||
| 700 | _929871 | ||
| 942 |
_2ddc _cEN _h006.7882 _mSTO |
||
| 999 |
_c54310 _d54310 |
||